Obtenga el si: el arte de negociar sin ceder /

Збережено в:
Бібліографічні деталі
Автор: Fisher, Roger
Інші автори: Ury, William
Формат: Текст
Опубліковано: México, D.F.: Continental
Теги: Додати тег
Немає тегів, Будьте першим, хто поставить тег для цього запису!

MARC

LEADER 00000 a a2200000 04500
001 22146
003
040
090 |a 150000  
100 |a Fisher, Roger  
245 |a Obtenga el si: el arte de negociar sin ceder /  |c Roger Fisher 
260 |a México, D.F.:   |b Continental  
300 |a 165 p.  
700 |a Ury, William  
999 |c 9373  |d 9373